| 000 | 00476nam 22001333 4500 | ||
|---|---|---|---|
| 001 | 32584 | ||
| 090 | _a32584 | ||
| 100 | _a20260317d u||y0pory50 ba | ||
| 101 | _aeng | ||
| 200 |
_aMeteorology and Plant Protection, Calcutta, 1988 _eAgrometeorological Information for Planning and Operation in AgricultureWith Particular Reference to Plant Protection Calcutta, India, 22-26 August 1988 _fV. Krishnamurthy _gG. Mathys |
||
| 210 |
_aGeneva _d1988 |
||
| 317 | _5INMG | ||
| 801 | _gISBD | ||
| 942 | _n0 | ||